000 00751cab a2200229 4500
001 WB3116-50
008 090401t1995 xxu||||| |||| 00| 0 eng d
035 _a(Sirsi) u57575
041 _aeng
245 _aObstructing rights to light
260 _c1995
350 _a0
490 _aEstates Gazette
_v(9516) 22 April 1995, 205(1)
520 _aDiscusses the case "Bowring Services Ltd v Scottish Widows` Fund and Life Assurance Society" which concerned a claim that a building had a right to light over land.
650 _aCERTIFICATES
650 _aPRESCRIPTION ACT 1832
650 _aRights of light
_96267
650 _aRIGHTS TO LIGHT ACT 1959
690 _aHIGHWAYS RIGHTS OF WAY AND EASEMENTS
942 _n0
948 _c04/03/1997
999 _c35124
_d35124